000 01362nam a2200313 i 4500
001 000019759
003 DO-SdBNP
005 20240305125231.0
007 ta
008 100705s1969 ck a r 000 f spa d
040 _aDO-SdBNP
_bspa
_cBNPHU
_erda
082 4 _a344.895
_bF375d
_222
100 1 _a Ferrari, Francisco de
_eautor
_983517
245 1 0 _aDerecho del trabajo /
_cFrancisco de Ferrari
250 _a2a. edición actualizada
264 _aBuenos Aires, Argentina :
_bEdiciones de Palma,
_c1968-1969
300 _a4 volumen
_c24 cm.
336 _2rdacontent
_atexto
_btxt
337 _2rdamedia
_asin mediación
_bn
338 _2rdacarrier
_avolumen
_bnc
500 _aLa Biblioteca posee el v.1 y el v.2
500 _aIncluye referencias bibliográficas y notas al pie de las páginas
500 _aLa biblioteca posee v.1 y v.2
505 _av.1.
_tTeoría y nociones generales del derecho del trabajo.--
_gv.2.
_tDe las relaciones individuales del trabajo, formación, suspensión y extinción de los contratos.--
_gv.3.
_t La relación del trabajo; su reglamentación.--
_gv.4.
_t Las relaciones colectivas; La empresa, los convenios colectivos, las asociaciones profesionales, la huelga.
590 _aInventariado, 2023 / DG
650 _aDerecho laboral
_zUruguay
_983518
910 _aDG/Validado. Control de calidad MFF
942 _2ddc
_cLBS1
999 _c53737
_d53737